000 01101cam a2200301 i 4500
001 48276
003 Mx-PuUPA
005 20240913141424.0
008 140415s1994 mx ad gr 000 0 spa d
020 _a9682611385
040 _aMx-PuUPA
_bspa
_cMx-PuUPA
_dMx-PuUPA
_erda
041 1 _aspa
_heng
100 1 _aGannon, Martin J.,
_eautor
240 1 0 _aManagement : management for results.
_lEspañol
245 1 0 _aAdministración por resultados /
_cMartin J. Gannon ; traducción Alberto García Mendoza
250 _aPrimera edición
264 1 _aMéxico, D. F. :
_bCompañía Editorial Continental,
_c©1994
300 _cxxv, 685 páginas :
_ailustraciones, diagramas, tablas ;
_b25 cm
336 _2rdacontent
_atexto
_btxt
337 _2rdamedia
_asin medio
_bn
338 _2rdacarrier
_avolumen
_bnc
650 7 _2armarc
_aAdministración
700 1 _aGarcía Mendoza, Alberto,
_etraductor
_910594
765 0 _aGannon, Martin J.,
_tManagement : management for results.
_z0205114415
942 _2ddc
_cLI
_h658.4
_iG195
999 _c48276
_d48276